Competidores FMS Argentina Temporada 3 - Estadísticas

Estadísticas generales
  • Esta prueba ha sido intentada 134 veces
  • La puntuación promedio es 9 de 10
Estadísticas de respuestas
Hint Respuesta % Correcto
. Papo
100%
. Stuart
96%
. Dtoke
94%
. Sub
94%
. Mecha
93%
. Mks
93%
. Cacha
91%
. Klan
86%
. Nacho
86%
. Wolf
82%
No se encontraron pruebas coincidentes
Distribución de puntuación
Porcentaje de gente con cada puntuación
Porcentaje por número respondido
Historial de tus puntuaciones
No has intentado esta prueba.